| 000 | 01115nam a22002417a 4500 | ||
|---|---|---|---|
| 008 | 171125s2012 ck||||| |||| 00| 0 spa d | ||
| 020 | _a9789587612370 | ||
| 082 | 0 | 4 |
_a731.2 _bG984a |
| 100 | 1 |
_aGutiérrez, Natalia. _91109 |
|
| 245 | 1 | 3 |
_aUn atlas : _bla obra de Rosario López / _cNatalia Gutiérrez, Scott McLeod y Rosario López. |
| 250 | _a1a edición. | ||
| 260 |
_aBogotá, Colombia : _bUniversidad Nacional de Colombia, _c2012. |
||
| 300 |
_a223 páginas : _bilustraciones en color. |
||
| 505 | 0 |
_tUn atlas: la obra de Rosario López / An atlas: works by Rosario López _rNatalia Gutiérrez. _tAbierto y cerrado: el paisaje y la galería en la obra de Rosario López / Open and closed: landscape and the gallery in the work of Rosario López _rScott Mcleod. _tHacer visible lo invisible: Rosario López / Making visible the invisible _rRosario López. |
|
| 653 | 1 | 0 | _aArte contemporáneo |
| 653 | 1 | 0 | _aArte - Colombia |
| 653 | 1 | 0 | _aEscultura |
| 653 | 1 | 0 | _aInstalación |
| 653 | 1 | 0 | _aFotografía |
| 653 | 1 | 0 | _aBiografías artísticas |
| 700 | 1 |
_aMcLeod, Scott. _96117 |
|
| 700 | 1 |
_aLópez, Rosario. _96118 |
|
| 999 |
_c1370 _d1370 |
||